| 000 | 00519nab a2200145Ia 4500 | ||
|---|---|---|---|
| 003 | ES-SlBCS | ||
| 005 | 20210601133744.0 | ||
| 008 | 140529s1995 xxu||||| |||| 00| 0 por d | ||
| 041 | _apor | ||
| 100 | 1 |
_aVerissimo, Mara Rúbia Alves Marques _9208949 |
|
| 245 | 0 | 2 |
_aA articulaçâo entre infáncia, cidadania e historia: Uma questâo para a pedagogia _c Mara Rúbia Alves Marques Verissimo |
| 650 | 0 | 4 |
_aEducación _986687 |
| 773 | 0 |
_tEducaçao e Filosofia _gvol. 9, nº. 17, 1995, págs. 191-207 _wRev1534 |
|
| 942 | _cAR | ||
| 999 |
_c601610 _d601610 |
||